Computer fundamentals with pharmacy applications / (Record no. 26638)

MARC details
000 -LEADER
fixed length control field 00829naa a2200217 4500
005 - DATE AND TIME OF LATEST TRANSACTION
control field 20090520155417.0
008 - FIXED-LENGTH DATA ELEMENTS--GENERAL INFORMATION
fixed length control field 090520t xxu||||| |||| 00| 0 eng d
010 ## - LCCN (DPL NO)
LC control number ENG-93632
020 ## - INTERNATIONAL STANDARD BOOK NUMBER
International Standard Book Number 9788188449547
Terms of availability 210.00
035 ## - SYSTEM CONTROL NUMBER
System control number EN-77165
037 ## - SOURCE OF ACQUISITION
Source of stock number/acquisition DBAD / PUB
040 ## - CATALOGING SOURCE
Original cataloging agency dpl
Language of cataloging English
082 ## - DEWEY DECIMAL CLASSIFICATION NUMBER
Classification number 615.10285
100 ## - MAIN ENTRY--PERSONAL NAME
Personal name Tiwari, N.K.
245 ## - TITLE STATEMENT
Title Computer fundamentals with pharmacy applications /
Statement of responsibility, etc by N.K. Tiwari
260 ## - PUBLICATION, DISTRIBUTION, ETC. (IMPRINT)
Place of publication, distribution, etc Hyderabad
Name of publisher, distributor, etc PharmaMed Press
Date of publication, distribution, etc 2008
270 ## - ADDRESS
Address 4-4-316, Firiraj Lane Sultan Bazar,
City Hyderabad
Postal code 500095
300 ## - PHYSICAL DESCRIPTION
Extent xv, 288p.
Dimensions 25cm(pbk)
942 ## - ADDED ENTRY ELEMENTS (KOHA)
Institution code [OBSOLETE] dpl
Item type English Books
Source of classification or shelving scheme Dewey Decimal Classification
Call number suffix TIW
Classification part 615.10285
Holdings
Withdrawn status Lost status Source of classification or shelving scheme Damaged status Not for loan Collection code Home library Current library Date acquired Source of acquisition Cost, normal purchase price Total Checkouts Full call number Barcode Date last seen Copy number Cost, replacement price Koha item type
    Dewey Decimal Classification   Not For Loan Non-fiction D.B.Act.Division D.B.Act.Division 20/05/2009 DBAD / PUB 210.00   615.10285 TIW EN-77165 20/05/2009 1 210.00 English Books

© Delhi Public Library
Hit Counter
free hit counter